000
00282nam a22001337a 4500
003
SGT
020
_a
9781632422255
082
_a
617.8
_b
H15C
100
_a
CROW, DAVID
245
_a
HEARING LOSS
260
_a
NEW JERSEY
_b
FOSTER ACADEMIC
_c
2007
300
_a
410
942
_2
ddc
_c
BK
999
_c
17906
_d
17906